Physiology of RNA and proteins in the latex of Hevea (Record no. 65019)
[ view plain ]
| 000 -LEADER | |
|---|---|
| fixed length control field | 00505nam a2200181Ia 4500 |
| 100 ## - MAIN ENTRY--AUTHOR NAME | |
| Personal name | Tupy J |
| 245 #0 - TITLE STATEMENT | |
| Title | Physiology of RNA and proteins in the latex of Hevea |
| 260 ## - PUBLICATION, DISTRIBUTION, ETC. (IMPRINT) | |
| Name of publisher | Hevea 88: IRRDB, 2 August to 7 November 1988, Paris. pp.107-118. |
| 650 ## - SUBJECT ADDED ENTRY--TOPICAL TERM | |
| Topical Term | Cell-free translation |
| 650 ## - SUBJECT ADDED ENTRY--TOPICAL TERM | |
| Topical Term | Cytosolic proteins |
| 650 ## - SUBJECT ADDED ENTRY--TOPICAL TERM | |
| Topical Term | Ethylene |
| 650 ## - SUBJECT ADDED ENTRY--TOPICAL TERM | |
| Topical Term | RNA |
| 650 ## - SUBJECT ADDED ENTRY--TOPICAL TERM | |
| Topical Term | Sucrose catabolism |
| 700 ## - ADDED ENTRY--PERSONAL NAME | |
| Personal name | Gidrol X |
| 700 ## - ADDED ENTRY--PERSONAL NAME | |
| Personal name | Lacrotte R |
| 942 ## - ADDED ENTRY ELEMENTS (KOHA) | |
| Koha item type | Journals |
| Withdrawn status | Lost status | Damaged status | Not for loan | Home library | Current library | Shelving location | Date acquired | Koha item type |
|---|---|---|---|---|---|---|---|---|
| Journals | RRII Library | RRII Library | Plant physiology | 13/02/2007 | Journals |